MARC

LEADER 00000nam0a2200000 4500
001 306424
005 20231102001907.0
035 |a (RuTPU)RU\TPU\book\331701 
090 |a 306424 
100 |a 20151007d1983 km y0rusy50 ca 
101 0 |a rus 
102 |a RU 
105 |a a z 001zy 
200 1 |a Проблемы криолитологии  |e сборник статей  |h Вып. 11  |f Московский государственный университет им. М. В. Ломоносова (МГУ), Географический факультет, Кафедра криолитологии и гляциологии ; под ред. В. Н. Конищева 
210 |a Москва  |c Изд-во МГУ  |d 1983 
215 |a 169 с.  |c ил. 
320 |a Библиография в конце статей 
606 1 |a Криолитология  |2 stltpush  |3 (RuTPU)RU\TPU\subj\16288  |9 42419 
610 1 |a криолитогенез 
610 1 |a криолитогенные толщи 
610 1 |a теория 
610 1 |a региональные проблемы 
610 1 |a подземные льды 
610 1 |a систематика 
610 1 |a палеогеография 
610 1 |a Якутия 
675 |a 551345  |v 4 
702 1 |a Конищев  |b В. Н.  |4 340 
712 0 2 |a Московский государственный университет им. М. В. Ломоносова (МГУ)  |b Географический факультет  |b Кафедра криолитологии и гляциологии  |2 stltpush  |3 (RuTPU)RU\TPU\col\7 
801 1 |a RU  |b 63413507  |c 20151007 
801 2 |a RU  |b 63413507  |c 20180710  |g RCR 
942 |c BK